000
00294nam a2200121Ia 4500
005
20251222154356.0
008
251222s9999||||xx |||||||||||||| ||spa||
020
_a
978-968-18-5628-1
082
_a
670.54/O36
245
0
_a
Introducción al estudio del trabajo
250
_a
4a.ed.
942
_c
LIB
999
_c
35113
_d
35113